000 00922nam a22003017a 4500
001 0004120
003 KOHA_MİRAKIL
005 20260207001400.0
007 ta
008 090416b1996 tu |||gr||||#||||0|tur |
020 _a9753634862
040 _aTR-BiSEU
_btur
_cTR-BiSEU
_erda
041 0 _atur
044 _ctu
050 _aHM276
_b.Y87 1996
100 1 _aYürüşen, Melih.
245 1 _aLiberal bir değer olarak ahlaki ve siyasi hoşgörü/
_cMelih Yürüşen ; Melih Yürüşen.
264 1 _aİstanbul :
_bYapı Kredi Yayınları
_c1996
300 _a307 sayfa; 21 cm.
336 _ametin
_btxt
_2rdacontent
337 _aaracısız
_bn
_2rdamedia
338 _acilt
_bnc
_2rdacarrier
490 1 _aYapı Kredi Yayınları - Cogito ;
_v39.
650 0 _aHoşgörü.
_910074
650 0 _aSiyaset psikolojisi.
_910075
830 1 _aYapı Kredi Yayınları - Cogito ;
_v39.
_99627
942 _2lcc
_cBK
999 _c4103
_d4103